<?xml version="1.0" encoding="UTF-8"?>
<record
    xmlns:xsi="http://www.w3.org/2001/XMLSchema-instance"
    xsi:schemaLocation="http://www.loc.gov/MARC21/slim http://www.loc.gov/standards/marcxml/schema/MARC21slim.xsd"
    xmlns="http://www.loc.gov/MARC21/slim">

  <leader>00719nam a2200205Ia 4500</leader>
  <controlfield tag="003">SEM</controlfield>
  <controlfield tag="005">20230724171702.0</controlfield>
  <controlfield tag="008">141116s1981    ru ||||gr||||||01|||rus|d</controlfield>
  <datafield tag="040" ind1=" " ind2=" ">
    <subfield code="a">SEM</subfield>
    <subfield code="c">SEM</subfield>
  </datafield>
  <datafield tag="041" ind1=" " ind2=" ">
    <subfield code="a">rus</subfield>
    <subfield code="h">germ</subfield>
  </datafield>
  <datafield tag="080" ind1=" " ind2=" ">
    <subfield code="a">930.26(3)/&#x425;-26</subfield>
  </datafield>
  <datafield tag="100" ind1=" " ind2=" ">
    <subfield code="a">&#x425;&#x430;&#x444;&#x43D;&#x435;&#x440;, &#x413;&#x435;&#x440;&#x43C;&#x430;&#x43D;</subfield>
  </datafield>
  <datafield tag="245" ind1=" " ind2=" ">
    <subfield code="a">&#x412;&#x44B;&#x434;&#x430;&#x44E;&#x449;&#x438;&#x435;&#x441;&#x44F; &#x43F;&#x43E;&#x440;&#x442;&#x440;&#x435;&#x442;&#x44B; &#x430;&#x43D;&#x442;&#x438;&#x447;&#x43D;&#x43E;&#x441;&#x442;&#x438; :</subfield>
    <subfield code="b">337 &#x43F;&#x43E;&#x440;&#x442;&#x440;&#x435;&#x442;&#x43E;&#x432; &#x432; &#x441;&#x43B;&#x43E;&#x432;&#x435; &#x438; &#x43E;&#x431;&#x440;&#x430;&#x437;&#x435; /</subfield>
    <subfield code="c">&#x413;&#x435;&#x440;&#x43C;&#x430;&#x43D; &#x425;&#x430;&#x444;&#x43D;&#x435;&#x440;; &#x41F;&#x435;&#x440;. &#x441; &#x43D;&#x435;&#x43C;. &#x413;.&#x411;. &#x421;&#x435;&#x444;&#x435;&#x440;&#x44C;&#x44F;&#x43D;&#x446;</subfield>
  </datafield>
  <datafield tag="260" ind1=" " ind2=" ">
    <subfield code="a">&#x41C;&#x43E;&#x441;&#x43A;&#x432;&#x430; :</subfield>
    <subfield code="b">&#x41F;&#x440;&#x43E;&#x433;&#x440;&#x435;&#x441;&#x441;,</subfield>
    <subfield code="c">1981.</subfield>
  </datafield>
  <datafield tag="300" ind1=" " ind2=" ">
    <subfield code="a">311 &#x441;. ;</subfield>
    <subfield code="c">20 &#x441;&#x43C;</subfield>
  </datafield>
  <datafield tag="650" ind1=" " ind2=" ">
    <subfield code="a"> &#x410;&#x440;&#x445;&#x435;&#x43E;&#x43B;&#x43E;&#x433;&#x438;&#x44F;</subfield>
  </datafield>
  <datafield tag="653" ind1=" " ind2=" ">
    <subfield code="a">&#x54D;&#x537;&#x544;</subfield>
  </datafield>
  <datafield tag="700" ind1=" " ind2=" ">
    <subfield code="a">&#x421;&#x435;&#x444;&#x435;&#x440;&#x44C;&#x44F;&#x43D;&#x446;, &#x413;.&#x411;.</subfield>
    <subfield code="e">&#x43F;&#x435;&#x440;.</subfield>
    <subfield code="4">trl</subfield>
  </datafield>
  <datafield tag="942" ind1=" " ind2=" ">
    <subfield code="2">udc</subfield>
    <subfield code="c">BK</subfield>
  </datafield>
  <datafield tag="999" ind1=" " ind2=" ">
    <subfield code="c">58726</subfield>
    <subfield code="d">58726</subfield>
  </datafield>
  <datafield tag="952" ind1=" " ind2=" ">
    <subfield code="0">0</subfield>
    <subfield code="1">0</subfield>
    <subfield code="2">udc</subfield>
    <subfield code="4">0</subfield>
    <subfield code="7">0</subfield>
    <subfield code="8">&#x533;&#x580;&#x561;&#x57A;&#x561;&#x570;&#x578;&#x581;</subfield>
    <subfield code="a">SEM</subfield>
    <subfield code="b">SEM</subfield>
    <subfield code="d">2023-07-24</subfield>
    <subfield code="g">1500.00</subfield>
    <subfield code="i">&#x420;&#x443;&#x441;-2905</subfield>
    <subfield code="l">0</subfield>
    <subfield code="o">930.26(3)/&#x425;-26</subfield>
    <subfield code="p">&#x420;&#x443;&#x441;-2905</subfield>
    <subfield code="r">2023-07-24</subfield>
    <subfield code="w">2023-07-24</subfield>
    <subfield code="y">BK</subfield>
    <subfield code="z">&#x54D;&#x57A;&#x561;&#x57D;&#x561;&#x580;&#x56F;&#x57E;&#x578;&#x582;&#x574; &#x567; &#x568;&#x576;&#x569;&#x565;&#x580;&#x581;&#x561;&#x57D;&#x580;&#x561;&#x570;</subfield>
  </datafield>
  <datafield tag="952" ind1=" " ind2=" ">
    <subfield code="0">0</subfield>
    <subfield code="1">0</subfield>
    <subfield code="2">udc</subfield>
    <subfield code="4">0</subfield>
    <subfield code="7">0</subfield>
    <subfield code="8">&#x533;&#x580;&#x561;&#x57A;&#x561;&#x570;&#x578;&#x581;</subfield>
    <subfield code="a">SEM</subfield>
    <subfield code="b">SEM</subfield>
    <subfield code="d">2023-07-24</subfield>
    <subfield code="g">1500.00</subfield>
    <subfield code="i">&#x540;&#x578;&#x57E;&#x570;-81</subfield>
    <subfield code="l">0</subfield>
    <subfield code="o">930.26(3)/&#x425;-26</subfield>
    <subfield code="p">&#x540;&#x578;&#x57E;&#x570;-81</subfield>
    <subfield code="r">2023-07-24</subfield>
    <subfield code="w">2023-07-24</subfield>
    <subfield code="y">BK</subfield>
    <subfield code="z">&#x54D;&#x57A;&#x561;&#x57D;&#x561;&#x580;&#x56F;&#x57E;&#x578;&#x582;&#x574; &#x567; 30 &#x585;&#x580;</subfield>
  </datafield>
</record>
